000 00295nam a22001337a 4500
008 171101b xxu||||| |||| 00| 0 eng d
020 _a9780073048499
041 _aeng
080 _214TH
_a33
100 _a59
101 _aBUS
245 _aTHE LEGAL & REGULATORY
_cREED,O.L
942 _2udc
_cBK
999 _c36999
_d36999